Taschenbuch Elektrotechnik : Band 1. Allgemeine Grundlagen /

Saved in:
Bibliographic Details
Other Authors: Philipov, E (Compiler)
Format: Book
Language:German
Published: Berlin : Verlag Technik, 1986
Edition:3 stark bearb.Aufl.
Tags: Add Tag
No Tags, Be the first to tag this record!

MARC

LEADER 00000nam a22000003a 4500
001 stu5693
005 20150617225808.6
008 940427s1986----ge------------------ger-d
040 |a STU  |b slo 
041 0 |a ger 
044 |a ge 
080 |a 621.3(031) 
100 1 |a Philipov, E  |4 com 
245 1 |a Taschenbuch Elektrotechnik :  |b Band 1. Allgemeine Grundlagen /  |c Hrsg.: Philipov,E 
250 |a 3 stark bearb.Aufl. 
260 |a Berlin :  |b Verlag Technik,  |c 1986 
300 |a 876 s 
996 |b E60955  |c E*60955  |l EE05  |s P  |a 0  |w stu5693_0001